Agrofuels and family and peasant agriculture: inputs for the debate
שמור ב:
| מחבר תאגידי: | |
|---|---|
| פורמט: | לא ידוע |
| שפה: | English |
| יצא לאור: |
Brasil :
FASE ; REBRIP
|
| תגים: |
הוספת תג
אין תגיות, היה/י הראשונ/ה לתייג את הרשומה!
|
MARC
| LEADER | 00000 a2200000 04500 | ||
|---|---|---|---|
| 001 | 41839 | ||
| 003 | |||
| 008 | 050630s2008 bl eng d | ||
| 040 | |a CRAI/IIS |c CRAI/IIS | ||
| 090 | |a 0001 A281a | ||
| 110 | |a Federação de Orgãos para Assistência Social e Educacional | ||
| 245 | |a Agrofuels and family and peasant agriculture: |b inputs for the debate | ||
| 260 | |a Brasil : |b FASE ; REBRIP | ||
| 300 | |a 141 páginas | ||
| 999 | |c 2538 |d 2538 | ||
